Israel in Eurovision (1973-2026) - Statistics

General Stats
  • This quiz has been taken 21 times
    4 since last reset
  • The average score is 25 of 49
Answer Stats
Year Song title Result % Correct
1978 A-Ba-Ni-Bi 1
100%
1998 Diva 1
100%
2015 Golden Boy 9
100%
2005 HaSheket SheNish'ar 4
100%
1982 Hora 2
100%
2018 Toy 1
100%
2023 Unicorn 3
100%
1975 At Ve'Ani 11
67%
2020 Feker Libi N/A
67%
1979 Hallelujah 1
67%
1999 Happy Birthday 5
67%
1983 Hi 2
67%
2019 Home 23
67%
2024 Hurricane 5
67%
1991 Kan 3
67%
2026 Michelle 2
67%
2010 Milim 14
67%
2025 New Day Will Rise 2
67%
1985 Olé, Olé 5
67%
2007 Push the Button 24 (SF)
67%
2021 Set Me Free 17
67%
1977 Ahava Hi Shir Lishnayim 11
33%
1995 Amen 8
33%
1988 Ben Adam 7
33%
1989 Derekh Hamelekh 12
33%
2011 Ding Dong 15 (SF)
33%
2001 Ein Davar 16
33%
1976 Emor Shalom 6
33%
1973 Ey Sham 4
33%
1981 Halayla 7
33%
2017 I Feel Alive 23
33%
2022 I.M 13 (SF)
33%
2004 Leha'amin 11 (SF)
33%
2002 Light a Candle 12
33%
2016 Made of Stars 14
33%
1974 Natati La Khaiai 7
33%
2013 Rak Bishvilo 14 (SF)
33%
2000 Sameach 22
33%
2014 Same Heart 14 (SF)
33%
1990 Shara Barkhovot 18
33%
1993 Shiru 24
33%
2008 The Fire in Your Eyes 9
33%
2009 There Must Be Another Way 16
33%
2012 Time 13 (SF)
33%
2006 Together We Are One 23
33%
2003 Words for Love 19
33%
1986 Yavo Yom 19
33%
1992 Ze Rak Sport 6
33%
1987 Shir Habatlanim 8
0%
No matching quizzes found
Score Distribution
Percent of People with Each Score
Percentile by Number Answered
Your Score History
You have not taken this quiz since the last reset